PRACTICAL PHARMACEUTICS (Record no. 7158)
[ view plain ]
| 000 -LEADER | |
|---|---|
| fixed length control field | 00253nam a2200121Ia 4500 |
| 082 ## - DEWEY DECIMAL CLASSIFICATION NUMBER | |
| Classification number | 615.1 |
| Item number | P11S |
| 100 ## - MAIN ENTRY--PERSONAL NAME | |
| Personal name | GAUD, R.S. |
| 245 ## - TITLE STATEMENT | |
| Title | PRACTICAL PHARMACEUTICS |
| 260 ## - PUBLICATION, DISTRIBUTION, ETC. (IMPRINT) | |
| Name of publisher, distributor, etc | CBS- DELHI |
| 300 ## - PAGE DESCRIPTION | |
| No. of Pages | 306 |
| 650 ## - SUBJECT ADDED ENTRY--TOPICAL TERM | |
| Topical term or geographic name as entry element | PHARMACEUTICS |
| 942 ## - ADDED ENTRY ELEMENTS (KOHA) | |
| Source of classification or shelving scheme | Dewey Decimal Classification |
| Koha item type | Books |
| 942 ## - ADDED ENTRY ELEMENTS (KOHA) | |
| -- | 6 |
| Withdrawn status | Lost status | Source of classification or shelving scheme | Damaged status | Not for loan | Collection code | Home library | Current library | Date acquired | Vendor Name | Cost, normal purchase price | SGTU | Bill Number | Total Checkouts | Total Renewals | Full call number | Accession No. (Barcode) | Date last seen | Date last borrowed | Bill Date | Koha item type |
|---|---|---|---|---|---|---|---|---|---|---|---|---|---|---|---|---|---|---|---|---|
| Dewey Decimal Classification | PHARMACY | SGT FA-FP Library | SGT FA-FP Library | 02/07/2015 | ABC DELHI | 280.00 | SGTU | 492 | 76 | 1 | 615.1 P11S | FP616 | 20/01/2026 | 20/01/2026 | 24/11/2014 | Books | ||||
| Dewey Decimal Classification | PHARMACY | SGT FA-FP Library | SGT FA-FP Library | 02/07/2015 | ABC DELHI | 280.00 | SGTU | 492 | 63 | 615.1 P11S | FP617 | 30/05/2026 | 27/06/2025 | 24/11/2014 | Books |